| 000 | 00956nam a22002537a 4500 | ||
|---|---|---|---|
| 005 | 20170123164142.0 | ||
| 010 | _aA-823997 | ||
| 020 | _c150.00 | ||
| 035 | _aA-823997 | ||
| 037 | _bCen Lib / Ret | ||
| 040 |
_aDPL _bPN |
||
| 082 |
_aਓ _bਸਹਿਗ |
||
| 100 |
_aਸਹਿਗਲ , ਗੁਰਮੁਖ ਸਿੰਘ _9116432 |
||
| 245 |
_aਸਰਗਮ : _cਗੁਰਮੁਖ ਸਿੰਘ ਸਹਿਗਲ _bਨਾਵਲ / |
||
| 246 |
_aSargam : novel / _b by Gurmukh Singh Sehgal |
||
| 260 |
_aਦਿੱਲੀ _bਵੇਲਵਿਸ਼ ਪਬਲਿਸ਼ਰਜ਼ _c1994 |
||
| 270 |
_aਪਿ ਪਿ ਮੋਰਿਯਾ ਐਨਕਲੈਵ _bਦਿੱਲੀ |
||
| 300 |
_a208p. _c21cm(Hb) |
||
| 650 |
_aਪੰਜਾਬੀ ਸਾਹਿਤ _9116433 |
||
| 650 |
_aਪੰਜਾਬੀ ਸਾਹਿਤ- ਨਾਵਲ _9116434 |
||
| 650 |
_aPunjabi Literature _9781 |
||
| 650 |
_aPunjabi Literature-Novel _91580 |
||
| 942 |
_2ddc _cPN _hਉ _mਸਹਿਗ |
||
| 999 |
_c109731 _d109731 |
||